Harry Potter và tên tù nhân ngục Azkaban = Harry Potter and the prisoner of Azkaban

সংরক্ষণ করুন:
গ্রন্থ-পঞ্জীর বিবরন
প্রধান লেখক: Rowling, J. K
বিন্যাস: গ্রন্থ
ভাষা:Undetermined
প্রকাশিত: Thành phố Hồ Chí Minh Trẻ 2017
বিষয়গুলি:
ট্যাগগুলো: ট্যাগ যুক্ত করুন
কোনো ট্যাগ নেই, প্রথমজন হিসাবে ট্যাগ করুন!
Thư viện lưu trữ: Trung tâm Học liệu Trường Đại học Cần Thơ
LEADER 00659nam a2200217Ia 4500
001 CTU_227005
008 210402s9999 xx 000 0 und d
020 |c 180000 
082 |a 823 
082 |b R884/T.3 
100 |a Rowling, J. K 
245 0 |a Harry Potter và tên tù nhân ngục Azkaban = 
245 0 |b Harry Potter and the prisoner of Azkaban 
245 0 |c J. K. Rowling ; Lý Lan (dịch) 
260 |a Thành phố Hồ Chí Minh 
260 |b Trẻ 
260 |c 2017 
650 |a Trường học,Schools 
650 |x Tiểu thuyết,Fiction 
904 |i Nhi 
980 |a Trung tâm Học liệu Trường Đại học Cần Thơ